00630nam a2200181Ii 450000100060000000300090000600800410001504000330005604100080008908200180009711000550011524500930017026400920026330000120035533600260036733700280039333800270042114008CO-ViMGA241108s9999||||xx |||||||||||||| ||und|| aCO-ViMGAbspaerdacCO-ViMGA0 aspa04a364.0425 C65s1 aColombia: Ministerio de Trabajo y Seguridad Social10aServicios de rehabilitación para personas en edad laboral con discapacidad en Colombia 1aBogotá, Colombia : Seguridad Social CINCASS, [Fecha de publicación no identificada] avolumen atextbtxt2rdacontent aunmediatedbn2rdamedia avolumebnc2rdacarrier